000 00424nam a2200181Ia 4500
001 7721
005 20260306160516.0
008 260306t2002||||xx |||||||||||||| ||spa||
041 _aESP
082 _a355.02
_bQ34
100 _aQuero Rodiles Felipe
_eAUT
245 0 _aHacia una teoría de la estrategia
260 _c2002
300 _a270 páginas :
_c
650 _aGEN
654 _aCHU
942 _cLIB
_dJUS
_fJUS
_2ddc
_n
999 _c7721
_d7721